| 000 | 01244cam a22003138i 4500 | ||
|---|---|---|---|
| 001 | 0008125572 | ||
| 003 | OSt | ||
| 005 | 20260425114636.0 | ||
| 008 | 260311m20269999quc 00 f fre | ||
| 020 |
_a9782898761881 _q(vol. 1) |
||
| 020 |
_a2898761885 _q(vol. 1) |
||
| 040 |
_aQMBN _bfre _erda _cQMBN |
||
| 050 | 4 | _aPS8589* | |
| 082 | 0 | 4 |
_aT 7899cug v.1 _223/20260311 |
| 100 | 1 |
_aTremblay-D'Essiambre, Louise, _d1953- _eauteur |
|
| 245 | 1 | 0 |
_aComme un goût de miel / 1. P'tit Louis _cLouise Tremblay d'Essiambre |
| 263 | _a202604 | ||
| 264 | 1 |
_aLaval, Qub̌ec : _bSaint-Jean ďiteur, _c2026- |
|
| 300 | _avolumes | ||
| 336 |
_atexte _btxt _2rdacontent |
||
| 337 |
_asans mďiation _bn _2rdamedia |
||
| 338 |
_avolume _bnc _2rdacarrier |
||
| 500 | _aL'ouvrage complet comprendra 3 volumes | ||
| 942 |
_2ddc _cROM ADULTE |
||
| 999 |
_c18834 _d18834 |
||